Výroba a predaj nápojov

Výrobcovia nealkoholických nápojov sa chcú dostať z tieňa. Slovenské pivo a slad sa uplatňujú aj na zahraničných trhoch. Slovensko sa z vývozcu stalo dovozcom vína. Slovenské pivovarníctvo vlani prekonalo stagnáciu, no v sladovníctve sa situácia nezlepšila. Pivovarnícky a sladovnícky priemysel v SR....

Ausführliche Beschreibung

Gespeichert in:
Bibliographische Detailangaben
Format: Buchkapitel
Sprache:Slowakisch
Schlagworte:
Tags: Tag hinzufügen
Keine Tags, Fügen Sie das erste Tag hinzu!

MARC

LEADER 00000naa a2200000 4500
001 r019851
005 20221205103149.5
041 0 |a slo 
044 |a SK 
245 1 0 |a Výroba a predaj nápojov 
520 |a Výrobcovia nealkoholických nápojov sa chcú dostať z tieňa. Slovenské pivo a slad sa uplatňujú aj na zahraničných trhoch. Slovensko sa z vývozcu stalo dovozcom vína. Slovenské pivovarníctvo vlani prekonalo stagnáciu, no v sladovníctve sa situácia nezlepšila. Pivovarnícky a sladovnícky priemysel v SR. Aj po privatizácii žriediel zostávajú minerálne pramene vo vlastníctve štátu. Vinársky priemysel na Slovensku a jeho privatizácia. 
610 2 0 |a nápoje nealkoholické 
610 2 0 |a nápoje alkoholické 
610 2 0 |a dovoz 
610 2 0 |a víno 
610 2 0 |a priemysel pivovarnícky 
610 2 0 |a priemysel vinársky 
610 2 0 |a privatizácia 
610 2 0 |a potravinárstvo